| Registos Bibliográficos associados ao registo de autoridade |
|
Etiqueta de registo: 00000nkm 2200025 450 001 2281521 003 http://id.bnportugal.gov.pt/bib/catbnp/2281521 100 ## $a20260318f198- m y0pory01030103ba 101 0# $apor 102 ## $aPT 200 1# $aManifestação, vida melhor, emprego certo, salário em dia, M. Pombal, Rossio, 31 janeiro$bVisual gráfico]$fCGTP-IN, et. al. 210 #9 $aLisboa$cCGTP-IN,$d[198-]$eLisboa :$gCasa Portuguesa) 215 ## $a1 cartaz$ccolor.$d67,9x97 cm 306 ## $aDatação em conformidade com as características formais do documento 317 ## $aColeção Madeira Luís 710 02 $aCGTP-IN$34741 711 02 $aC.I.S.$31586093 711 02 $aUnião dos Sindicatos de Setúbal$3923386 711 02 $aUnião dos Sindicatos de Lisboa$3208202 711 02 $aC.I.L.-$bComissão Coordenadora das CT da Região de Lisboa$31585986 801 #0 $aPT$bBN$gRPC 966 ## $lBN$mICONOG$sCT. 8076 R.$x3 971 ## $cCaticonografia8$d20260318 995 ## $aPRR2026
|
|
|